000 00637nam a22001937a 4500
003 NUST
005 20240117105341.0
008 190621b ||||| |||| 00| 0 eng d
038 _aMr. Zahoor
082 _a670
100 _aAli Hussnain
_915233
245 _aDesign for manufacture of environmental testing chamber for photovoltaic cell
_cAli Hussnain
260 _aIslamabad
_bSMME NUST
_c2012
300 _a65 p.
610 _2Industrial & manufacturing engineering -MS -Thesis
_915236
700 _aSupervisor : Dr Hussain Imran
_9119885
856 _uhttp://10.250.8.41:8080/xmlui/handle/123456789/26265
942 _2ddc
_cTHE
999 _c524412
_d524412